| 000 | 01399nam a2200169Ia 4500 | ||
|---|---|---|---|
| 005 | 20250117103852.0 | ||
| 008 | 250117s9999 xx 000 0 und d | ||
| 020 | _a9780241958681 | ||
| 082 | _a330DIA | ||
| 100 | _aDiamond, Jared M. | ||
| 245 | 0 |
_aCollapse _bhow societies choose to fail or succeed |
|
| 260 |
_aNew York _bPenguin Books _c2011 |
||
| 300 | _axii, 589 p. : ill., maps ; 22 cm. | ||
| 500 | _aIncludes index. | ||
| 520 | _aEnvironmental damage, climate change, globalization, rapid population growth, and unwise political choices were all factors in the demise of societies around the world, but some found solutions and persisted. As in Guns, Germs, and Steel, Diamond traces the fundamental pattern of catastrophe, and weaves an all-encompassing global thesis through a series of fascinating historical-cultural narratives. Collapse moves from the Polynesian cultures on Easter Island to the flourishing American civilizations of the Anasazi and the Maya and finally to the doomed Viking colony on Greenland. Similar problems face us today and have already brought disaster to Rwanda and Haiti, even as China and Australia are trying to cope in innovative ways. Despite our own society?s apparently inexhaustible wealth and unrivaled political power, ominous warning signs have begun to emerge even in ecologically robust areas like Montana. | ||
| 650 | _aSocial history--Case studies. | ||
| 999 |
_c7287 _d7287 |
||